[Event "Gibraltar Challengers-B"]
[Site "Gibraltar"]
[Date "2009.02.01"]
[Round "1"]
[White "Garcia, Mario"]
[Black "Correa Vargas, Luis"]
[Result "1-0"]
[WhiteElo "1663"]
[BlackElo "1192"]
[PlyCount "57"]
[EventDate "2009.02.01"]
[EventType "swiss"]
[EventRounds "5"]
[EventCountry "ENG"]
[SourceTitle "EXT 2012"]
[Source "ChessBase"]
[SourceDate "2011.11.24"]
[SourceVersion "1"]
[SourceVersionDate "2011.11.24"]
[SourceQuality "1"]

1. d4 d5 2. c4 dxc4 3. Nc3 Nf6 4. e4 Nc6 5. d5 Ne5 6. f4 Ng6 7. Bxc4 Bg4 8. Nf3 e5 9. fxe5 Nxe5 10. Be2 Nxf3+ 11. Bxf3 Bd7 12. Be3 Bd6 13. Qb3 b6 14. Nb5 a6 15. Nxd6+ cxd6 16. Qxb6 Qxb6 17. Bxb6 Bg4 18. Bd4 Bxf3 19. gxf3 Nh5 20. Rg1 Rg8 21. Rc1 Nf4 22. Kd2 Nh5 23. Rc7 g6 24. Rgc1 Rf8 25. R1c6 Kd8 26. Bb6 Ke8 27. Rxd6 a5 28. Rdd7 Nf6 29. Re7+ 1-0